|
|
|
|
| LEADER |
00653nam a2200193 a 4500 |
| 001 |
8893710 |
| 005 |
20050525081708.0 |
| 008 |
090604s1979 sw a 000 0 eng d |
| 010 |
|
|
|a 60007676
|
| 040 |
|
|
|a DLC
|c CarP
|d DLC
|
| 082 |
0 |
0 |
|a 649/.33
|2 19
|
| 245 |
0 |
0 |
|a Breast feeding.
|
| 260 |
|
|
|a Geneva,Switzerland;
|b WHO,
|c 1979
|
| 300 |
|
|
|a 95 p.
|b illus.
|c 22 cm.
|
| 541 |
1 |
|
|e 00002377
|
| 650 |
|
0 |
|a Breastfeeding.
|
| 852 |
4 |
|
|a Ayesha Abed Library
|j General Shelf.
|
| 999 |
|
|
|c 1468
|d 1468
|
| 952 |
|
|
|0 0
|1 0
|2 ddc
|4 0
|6 649_330000000000000_BRE
|7 0
|9 17648
|a BRACUL
|b BRACUL
|c GEN
|d 2011-07-27
|g 0.00
|l 0
|o 649.33 BRE
|p 3010002377
|r 2011-07-27
|t 1
|w 2011-07-27
|y BK
|z Not price in Register
|